000 00310nam a22001217a 4500
040 _cSK
082 _a620
100 _aNGO BUNTHAN
245 _aSTRENGTH OF MATERIALS; ភាពធន់ទ្រាំនៃសំភារៈបរិក្ខា
260 _aRUA
_bNGO
_c1997
300 _a150p.
942 _cKB
999 _c8803
_d8803